Finish the Famous Trios II Quiz Stats

 Plays Quiz Updated Aug 27, 2016

Challenge
Share
Tweet
Embed
Score 0/24 Timer 08:00
2 Plays Today
First Two Third % Correct
Breakfast, Lunch, and...Dinner
98.8%
Knife, Fork,...Spoon
98.6%
Bacon, Lettuce,...Tomato
98.1%
The Good, The Bad, and...The Ugly
98.1%
Red, White, and...Blue
97%
Father, Son,...Holy Ghost
95.7%
Snap, Crackle,...Pop
95%
Stop, Drop, and...Roll
91.5%
Planes, Trains, and...Automobiles
87.9%
Proton, Neutron,...Electron
85.3%
General Motors, Chrysler,...Ford
84.7%
Larry, Moe, and...Curly
83.1%
First Two Third % Correct
Harry, Ron, and...Hermione
80.9%
Double, Triple,...Home Run
79.8%
Alvin, Simon, and...Theodore
77.7%
Anne, Emily, and...Charlotte
65%
Estonia, Lithuania,...Latvia
61.3%
Head, Thorax,...Abdomen
49.8%
The Phantom Menace, Attack of the Clones,...Revenge of the Sith
46.9%
Celery, Onions,...Carrots
45.1%
Hammer, Anvil,...Stirrup
40.9%
Athos, Porthos, and...Aramis
40.8%
Shenzi, Banzai, and...Ed
30.5%
Lucky, Dusty, and...Ned
12.5%

You're not logged in!

Compare scores with friends on all Sporcle quizzes.
OR
Log In

You Might Also Like...

Show Comments

Extras

Top Quizzes Today


Score Distribution

Your Account Isn't Verified!

In order to create a playlist on Sporcle, you need to verify the email address you used during registration. Go to your Sporcle Settings to finish the process.

Report this User

Report this user for behavior that violates our Community Guidelines.

Details: